Xarxa Xaloc : mercat de treball i serveis municipals mercat de treball i serveis municipals
Publicado:
Barcelona :
Diputació de Barcelona. Àrea de Promoció Econòmica i Ocupació. Servei de Dinamització del Mercat de Treball Local ,
2006
Descripción Física:
[8] p. : fot. ; 30 cm
MARC
| LEADER | 00000nam a2200000Ia 4500 | ||
|---|---|---|---|
| 001 | 20870 | ||
| 008 | 160829s2006 xx 000 0 cat d | ||
| 080 | |a FU-22-13 | ||
| 110 | 2 | |a Xaloc Intermediació |9 55209 | |
| 245 | |a Xarxa Xaloc : |b mercat de treball i serveis municipals | ||
| 260 | |a Barcelona : |b Diputació de Barcelona. Àrea de Promoció Econòmica i Ocupació. Servei de Dinamització del Mercat de Treball Local, |c 2006 | ||
| 300 | |a [8] p. : |b fot. ; |c 30 cm | ||
| 590 | |a Hi ha un altre exemplar en castellà amb R. 20871 i en anglès amb R. 20872 | ||
| 650 | 0 | |a Ocupació |z Barcelona (Catalunya : Província) |9 36139 | |
| 650 | |a Xaloc Intermediació | ||
| 710 | 1 | |a Barcelona (Catalunya : Província). |b Servei de Dinamització del Mercat de Treball Local |9 56002 | |
| 901 | |a Arxiu | ||
| 942 | |n 1 | ||
| 952 | |0 0 |1 0 |4 0 |6 FU2213 |7 1 |9 50090 |a Arxiu |b Arxiu |d 2016-12-01 |l 0 |o FU-22-13 |p 20870 |r 2016-12-01 00:00:00 |w 2016-12-01 |y ARXIU | ||
| 999 | |c 53932 |d 53932 | ||